000 00412nam a2200157Ia 4500
008 230312s9999||||xx |||||||||||||| ||und||
020 _a0-07-285705-6
082 _a658.85
_bFUT-A
100 _aFutrell, Chales M
245 0 _aABC of Relationship Selleing through service
260 _bMcGraw Hill
_aLondon
_c2005
300 _a548
546 _aEng.
650 _aManagement
_vSelling as a professon
942 _cBK
999 _c281
_d281